000 00440nam a2200169 i 4500
001 33677
003 ES-MaACL
005 20230906154812.0
007 t|
008 030203s1946 xxu ||||1| eng d
100 1 _aBishop, Curtis.
_929004
245 1 0 _aBy way of Wyoming /
_cby Curtis Bishop.
250 _a1st ed.
260 _aNew York :
_bThe MacMillan,
_c1946.
300 _a190 p. ;
_c21 cm.
852 _aES-MaACL
_jC-25428
_bR.53742
999 _c33677
_d33677